000 01138cam a2200265 i 4500
003 SA-RiAUC
005 20241116090106.0
008 241116s1989 su g 00000 ara c
040 _aSA-RiAUC
_bara
_cSA-RiAUC
_erda
082 0 4 _a257.5
090 _a257.5
_bا ب ن ق
100 1 _aابن القاص، أحمد بن أحمد الطبري،
_dتوفي 335 هجري
_eمؤلف.
245 1 0 _aأدب القاضي /
_cتأليف أبي العباس أحمد بن أبي أحمد الطبري بن القاص ؛ دراسة وتحقيق حسين خلف الجبوري.
250 _aالطبعة الأولى.
264 1 _aالطائف، السعودية :
_bمكتبة الصديق للنشر والتوزيع،
_c1989
300 _a2 مجلد ؛
_c24 سم
336 _aنص
_btxt
_2rdacontent
_3كتاب
337 _aبدون وسيط
_bn
_2rdamedia
338 _aمجلد
_bnc
_2rdacarrier
650 7 _aالأحكام السلطانية
_2aucsh
650 7 _aالقضاء في الإسلام
_2aucsh
700 1 _aالجبوري، حسين بن خلف
_eمحقق.
942 _2ddc
_cBOOK
949 _aSA-JeALM
_d241116
_ukhaled123
_n1
999 _c2385
_d2385